[Event "Hastings Masters op 97th"]
[Site "Hastings"]
[Date "2023.12.31"]
[Round "4"]
[White "Batchelor, Paul A"]
[Black "Wilson, Matthew R"]
[Result "1-0"]
[WhiteElo "1937"]
[BlackElo "1771"]
[PlyCount "89"]
[EventDate "2023.12.28"]
[EventType "swiss"]
[EventRounds "9"]
[EventCountry "ENG"]
[SourceTitle "CBM 218 Extra"]
[Source "ChessBase"]
[SourceDate "2024.03.31"]
[SourceVersion "1"]
[SourceVersionDate "2024.03.31"]
[SourceQuality "1"]

1. d4 d5 2. c4 e6 3. Nc3 Nf6 4. cxd5 exd5 5. Bg5 c6 6. Qc2 Be7 7. e3 Nbd7 8. Bd3 h6 9. Bf4 a5 10. h3 0-0 11. Nf3 Re8 12. 0-0 Nf8 13. Ne5 Be6 14. Bg3 Rc8 15. f4 Bd7 16. a4 Qc7 17. Rfc1 Qb6 18. Be1 c5 19. Qf2 cxd4 20. exd4 Bc6 21. Bd2 Bb4 22. Be3 Qd8 23. Kh1 Qe7 24. Bd2 Bxc3 25. Bxc3 Ne4 26. Bxe4 dxe4 27. Bxa5 Bd5 28. Qe3 h5 29. f5 Nd7 30. Bc3 Nf6 31. Be1 Nd7 32. Bg3 Nb6 33. a5 Rxc1+ 34. Rxc1 Nc8 35. Nc4 Qb4 36. Qc3 Qxc3 37. Rxc3 Bxc4 38. Rxc4 Ne7 39. Rc5 Nc6 40. d5 Nd4 41. d6 Kh7 42. d7 Rd8 43. Rd5 Nxf5 44. Bc7 e3 45. Kg1 1-0